00469nam a22001697a 450000500170000001000150001702000260003203500140005803700130007208200080008510000290009324500790012226000340020127000140023530000190024970000310026820221025163814.0 aENG-135512 c150.00a9788185063157 aEN-119044 bDBAD/PUB a270 akhan, maulana wahiduddin aTabligh movement/cBy maulana wahiduddin khan; translated by farida khanam aNew delhibThe islamic centre bNew delhi a64p.c22m(pbk) akhanam, faridaetranslator